Kto śpiewa dany utwór (Rap 2019-2020) - Statystyki

Ogólne statystyki
  • Ten quiz został rozwiązany 534 razy
  • Średni wynik to 11 z 15
Statystyki odpowiedzi
Tytuł Piosenki Raper % Poprawnych
Patointeligencja Mata
100%
SEXOHOLIK Żabson
99%
Opowieści z doliny smoków Bedoes
97%
Anioły i demony Tymek
97%
SZUBIENICAPESTYCYDYBROŃ Quebonafide
95%
UA Reto
92%
Impreza Sobel
84%
Niedostępny Malik Montana
77%
Bali Gedz
74%
Grube kroki White 2115
56%
Cola PlanBe
55%
Dobry chłopak Sarius
55%
Thailive Chillwagon
49%
Zło jest wszędzie Białas
45%
Plata o plomo Belmondo
21%
Nie znaleziono quizów pasujących do podanych kryteriów
Rozkład punktacji
Procent ludzi z każdym wynikiem
Percentyl według liczby udzielonych odpowiedzi
Twoja historia wyników
Nie rozwiązałeś tego quizu